000 00904nam a2200253Ia 4500
003 OSt
005 20220923215544.0
006 a|||||r|||| 00| 0
007 ta
008 220922b |||||||| |||| 00| 0 hin d
024 _a179,762
037 _cTextual
040 _aARTS
_cARTS
_bhin
041 _2hin
_ahin
082 _aO152,1J32:g, M4
100 _aशर्मा, चरणसखी
_9156318
245 0 _aतुलसी काव्य में धर्म और आचरण का स्वरूप
246 _aTulasī kāvya mean dharma aur ācharaṇ kā svarūpa
260 _aनई दिल्ली
_b प्रवीण प्रकाशन
_c1984
300 _a296 पृ.
_ccm.
650 _aहिन्दी साहित्य
_9156264
942 _hO152,1J32:g, M4
_cTEXL
_2CC
999 _c333143
_d333143